000 00669nam a22002057a 4500
010 _aA-710533
020 _c270.00
035 _aA-710533
037 _bCen Lib / Ret
040 _aDPL
_bEn
082 _a954.51
_bBAR
245 _aThe Comprehensive history o assam :
_bfrom the pre-historic times to the twelfth century A.D. /
_cedited by H. K. Barpujari
260 _aGuwahati
_bPublication Board, Assam
_c1990
270 _aPublication Board, Assam
_bGuwahati
_e781021
300 _a(v 1. 511p)
_c27cm(Hb)
650 _aAssam (India) -- History.
650 _aIndia -- Assam.
700 _aBarpujari, H. K.
942 _2ddc
_cEN
_h954.51
_mBAR
999 _c137128
_d137128